| 000 | 01213nam a2200337 a 4500 | ||
|---|---|---|---|
| 008 | |||
| 020 | _a0781710413 (paperback) | ||
| 040 |
_aNUST _cNUST |
||
| 049 | _aMAIN | ||
| 090 |
_aRA427.9 _bPRI |
||
| 245 | 1 | 0 |
_aPrimary care/ _cedited by Joanne K Singleton ; Samuel A Sandowski ; Carol Green-Hernandez ; Theresa V Horvath ; Robert V DiGregorio & Stephen Paul Holzemer. |
| 260 |
_aHong Kong : _bLippincott Williams & Wilkins, _c1999. |
||
| 300 |
_axxiv, 319 pages : _billustrations ; _c28 cm. |
||
| 336 |
_atext _btxt _2rdacontent |
||
| 337 |
_aunmediated _bn _2rdamedia |
||
| 338 |
_avolume _bnc _2rdacarrier |
||
| 500 | _aIncludes index. | ||
| 504 | _aIncludes bibliographical references. | ||
| 650 | 1 | _aPrimary care (Medicine). | |
| 650 | _aPrimary health care. | ||
| 700 |
_aSingleton, Joanne K., _aeditor. |
||
| 700 |
_aSandowski, Samuel A., _aeditor. |
||
| 700 |
_aGreen-Hernandez, Carol., _aeditor. |
||
| 700 |
_aHorvath, Theresa V., _aeditor. |
||
| 700 |
_aDiGregorio, Robert V., _aeditor. |
||
| 700 |
_aHolzemer, Paul., _aeditor. |
||
| 907 |
_a.b10409282 _b08-09-21 _c08-09-21 |
||
| 003 | |||
| 005 | 20230120204318.0 | ||
| 942 |
_cBOOKS _kRA427.9 _mPRI |
||
| 999 |
_c120959 _d120959 |
||